=LDR 00000nam 2200000 4500 =001 NUTBA000000000005179 =005 20141022171447.0 =006 =007 =008 =020 ##$$a 978-979-25-4794-8 =035 ##$$0010-101400000000409 =100 ##$$a Nanik Hidayani =245 ##$$a Jawara tanpa sekolah =260 ##$$a Jogjakarta $b Katahari $c 2012 =300 ##$$a 229 Hlm $c 21 Cm =850 ##$$a NBPNMAT =990 ##$$a 0001/BPAP-NTB/20142014 =990 ##$$a 0001/BPAP-NTB/2015